LEADER 01284nam a2200265 u 4500 001 000000051789 003 CaOOAMICUS 005 20070226115357.0 008 000927s1936 it u000 u ita u 035 $a10856664 040 $aPUL(R)$bita 100 1 $aQuattrocchio, Antonio.$0(OLS)http://pul/name/37159 245 13$aLo stato civile italiano :$blegislazione coordinata e aggiornata : istruzioni, circolari, giurisprudenza, formulario /$cAntonio Quattrocchio. 260 $aComo :$bC. Nani,$c1936. 300 $axix, 401 p. ;$c25 cm 500 $aContiene indici. 650 4$aDiritto amministrativo$zItalia.$0(OLS)http://pul/subject/8339 650 4$aStatuti comunali$zItalia.$0(OLS)http://pul/subject/6537 850 $aPUL 852 $aPUL$W1$xDP1 Fondo Ciprotti$y59$m1540 D 20$j68575$nBK-PRI$b $qFondi$B68575$CPULBib$Z2$F68575 $H $81 852 $aPUL$W1$xDP1 Cons. Gen., Altre Classi 1$y22$m833 F 9$j125897$ac. 2$qStampati$B124625$CPULBib$Z2$F124625 $82 941 1 $a1 961 $aINV: F. Ciprotti 996 $6245$aLo stato civile italiano :$blegislazione coordinata e aggiornata : istruzioni, circolari, giurisprudenza, formulario$9(OLS)http://pul/title/69527 996 $6260$aComo :$bC. Nani$9(OLS)http://pul/publisher/68120 LEADER 01119nam a2200277 u 4500 001 000000072896 003 CaOOAMICUS 005 20070226122306.0 008 020624s1970 it u000 u ita u 035 $a10934560 040 $aPUL(R)$bita 100 1 $aDe Giorgis, Ettore.$0(OLS)http://pul/name/48259 245 13$aUn barbaro interroga la Cina di Mao /$cEttore De Giorgis. 260 $aTorino :$bPiero Gribaudi,$c1970. 300 $a402 p. ;$c20 cm 490 1 $aIntervento : collana di dibattiti sui problemi d'oggi 500 $aContiene indice. 504 $aBibliografia in nota. 651 4$aCina.$0(OLS)http://pul/subject/13059 830 0$aIntervento : collana di dibattiti sui problemi d'oggi.$0(OLS)http://pul/title/65945 850 $aPUL 852 $aPUL$W1$xDP1 Cons. Gen., Altre Classi 1$y22$m842 A 102$j94269$nBK-PRI$b $qStampati$B94269$CPULBib$Z2$F94269 $H $81 941 1 $a8 961 $aINV: 61517 996 $6245$aUn barbaro interroga la Cina di Mao$9(OLS)http://pul/title/95874 996 $6260$aTorino :$bPiero Gribaudi$9(OLS)http://pul/publisher/67190